Guess the Fifty Element Names By Symbol - Statistics

General Stats
  • This quiz has been taken 49 times
  • The average score is 40 of 50
Answer Stats
Symbol Answer % Correct
C Carbon
100%
Au Gold
100%
H Hydrogen
100%
I Iodine
100%
O Oxygen
100%
K Potassium
100%
Na Sodium
100%
U Uranium
100%
Al Aluminium
94%
B Boron
94%
Cu Copper
94%
F Fluorine
94%
Fe Iron
94%
N Nitrogen
94%
Ag Silver
94%
Ar Argon
89%
Be Beryllium
89%
He Helium
89%
Kr Krypton
89%
P Phosphorus
89%
S Sulfur
89%
Zn Zinc
89%
Mg Magnesium
83%
Sn Tin
83%
As Arsenic
78%
Cl Chlorine
78%
Pb Lead
78%
Li Lithium
78%
Hg Mercury
78%
Cd Cadmium
72%
Ca Calcium
72%
Co Cobalt
72%
Ga Gallium
72%
Ni Nickel
72%
Ti Titanium
72%
Ba Barium
67%
Br Bromine
67%
Cr Chromium
67%
Mn Manganese
67%
Ne Neon
67%
Si Silicon
67%
Zr Zirconium
67%
Bi Bismuth
61%
Es Einsteinium
61%
Pt Platinum
61%
Pu Plutonium
61%
V Vanadium
56%
Ra Radium
50%
Sr Strontium
50%
W Tungsten
50%
No matching quizzes found
Score Distribution
Percent of People with Each Score
Percentile by Number Answered
Your Score History
You have not taken this quiz